00432nam a2200157Ia 45000010006000000050017000060080041000230410008000640820015000721000022000872450108001092600009002173000032002266500008002586540008002661353720260306164808.0260306t2015||||xx |||||||||||||| ||spa|| aESP a004.6bR16 aRafaels, RayeAUT 0aCloud computing from beginning to end:bcloud technology, design, and migration methodologies explained c2015 axi, 151 páginas :c23 cm. aGEN aCCC